IMPORT AND EXPORT POLICY: APRIL 1990-MARCH 1993 (Record no. 477183)

MARC details
000 -LEADER
fixed length control field 00588nam a2200181Ia 4500
008 - FIXED-LENGTH DATA ELEMENTS--GENERAL INFORMATION
fixed length control field 100315s9999 xx 000 0 und d
040 ## - CATALOGING SOURCE
Transcribing agency ENGLISH 
082 ## - DEWEY DECIMAL CLASSIFICATION NUMBER
Item number 2448 
245 ## - TITLE STATEMENT
Title IMPORT AND EXPORT POLICY: APRIL 1990-MARCH 1993
260 ## - PUBLICATION, DISTRIBUTION, ETC. (IMPRINT)
Place of publication, distribution, etc NISTRY OF COMMERCE INDIA OF GOVERNMENT 
Name of publisher, distributor, etc MINISTRY OF COMMERCE INDIA OF GOVERNMENT  
Date of publication, distribution, etc 1990 
300 ## - PHYSICAL DESCRIPTION
Extent 71P 
365 ## - TRADE PRICE
Price note Aus.Sch. 
Unit of pricing
Price amount 250.00 
366 ## - TRADE AVAILABILITY INFORMATION
Publishers' discount category
530 ## - ADDITIONAL PHYSICAL FORM AVAILABLE NOTE
Availability source -  
630 ## - SUBJECT ADDED ENTRY--UNIFORM TITLE
Uniform title IMPORT AND EXPORT POLICY: APRIL 1990-MARCH 1993
730 ## - ADDED ENTRY--UNIFORM TITLE
Uniform title IMPORT AND EXPORT POLICY: APRIL 1990-MARCH 1993
942 ## - ADDED ENTRY ELEMENTS (KOHA)
Koha item type Book
Holdings
Withdrawn status Lost status Damaged status Not for loan Home library Current library Date acquired Cost, normal purchase price Total Checkouts Full call number Barcode Date last seen Price effective from Koha item type
        Dr. V. N. Bedekar Institute of Management Studies Library Dr. V. N. Bedekar Institute of Management Studies Library 03/19/2010 250.00    /  2448  VPMBRIMS-2448  03/19/2010 03/19/2010 Book